Do starej športovej haly naleje štát vyše milióna eur po miliónoch do futbalového stánku ide o ďalšiu investíciu

Podrobná bibliografia
Hlavný autor: Lendel, Michal (Autor)
Médium: Článok
Jazyk:slovenčina
Fyzický popis:Fotografie
ISSN:1336-5320
Predmet:
On-line prístup:https://kosice.korzar.sme.sk/c/22906595/do-kosickej-mestskej-haly-naleje-stat-vyse-miliona-eur.html

MARC

LEADER 00000nab a2200000u 4500
001 vtls012136674
003 SK-MaSNL
005 20260303100201.0
008 220525|2022 xo ||||||| ||00 ||slo|
038 |a KEVKJB 
040 |a KEVKJB  |b slo  |e rda 
041 0 |a slo 
043 |a e-xo--- 
044 |a xo  |c SK 
072 7 |a 72  |x Architektúra  |2 konspekt 
080 |a 725.85  |2 2011 
100 1 |a Lendel, Michal  |4 aut  |9 1086422 
245 1 0 |a Do starej športovej haly naleje štát vyše milióna eur  |b po miliónoch do futbalového stánku ide o ďalšiu investíciu  |c Michal Lendel 
300 |b Fotografie 
336 |a text  |b txt  |2 rdacontent 
337 |a bez média  |b n  |2 rdamedia 
338 |a zväzok  |b nc  |2 rdacarrier 
610 2 7 |a Športová hala (Košice, Slovensko)  |2 kevkjb  |9 879346 
610 2 7 |a Angels aréna (Košice, Slovensko)  |2 kevkjb  |9 1086993 
650 0 7 |a športové haly  |2 SNKPH  |9 74428 
651 7 |a Košice (Slovensko)  |2 SNKPHgeo  |9 18694 
773 0 |t Košický večer  |g Roč. 55, č. 20 (2022), s. 6  |x 1336-5320 
852 |a KEVKJB  |b KIS3GCP 
856 4 1 |u https://kosice.korzar.sme.sk/c/22906595/do-kosickej-mestskej-haly-naleje-stat-vyse-miliona-eur.html 
999 |c 1828459  |d 1830389